000 00797pam a2200301 a 4500
003 data
005 20260322212023.0
008 data
010 _a92056233
015 _aC94-6595-9
020 _a0060177349 :
020 _a9780060177348 :
040 _aDLC
_cDLC
_dCWR
_dCWR
049 _aCWRR
050 0 0 _aPN1992.77.S73
_bS5 1993
055 0 _aPN1992 .77 S75
_bS43 1993
082 0 0 _a791.45/72
_220
092 _a791.45 S5 1993
100 1 _aShatner, William.
245 1 0 _aStar trek memories /
_cWilliam Shatner & Chris Kreski.
250 _a1st ed.
260 _aNew York, NY :
_bHarperCollinsPublishers,
_cc1993.
300 _aix, 306 p. :
_bill. ;
_c24 cm.
630 0 0 _aStar Trek (Television program)
650 0 _aStar Trek films.
700 1 _aKreski, Chris,
_d1962-
001 data
999 _c525
_d525